02424nam a2200217Ia 4500008004100000020001800041040001800059041000800077100004300085245010200128260007800230300001800308500002200326505165500348600006202003600004902065650002502114650001502139650002902154700002302183130821s2009 xxu gr eng  a9780226041018 aCo-BoUCMbspa00aeng1 aBecker, Gary S.q(Gary Stanley)d1930-10aUncommon sense economic insights, from marriage to terrorismcGary S. Becker y Richard A. Posner aChicago (Illinois, estados Unidos)bThe University of Chicago Pressc2009 a373 páginas aIncluye índice.0 tIntroduction to Becker-Posner blog -- Sex and population -- The sexual revolution -- Gay marriage -- Polygamy -- Sex selection -- Immigration reform -- Putin's population plan -- Afterthoughts to part I -- Property rights -- Kelo and eminent domain -- Pharmaceutical patents -- Grokster, file sharing, and contributory infringement -- Orphan drugs, intellectual property, and social welfare -- Organ sales -- Traffic congestion -- Privatizing highways -- Afterthoughts to part II -- Universities -- Plagiarism -- Tenure -- For-profit colleges -- Ranking higher education -- Afterthoughts to part III -- Incentives -- Fat tax -- Trans fats ban -- Libertarian paternalism -- Chicago and big boxes -- Afterthoughts to part IV -- Jobs and employment -- Judicial term limits -- Economics of the revolving door -- CEO compensation -- Income inequality -- Corporate social responsibility -- Afterthoughts to part V -- Environment and disasters -- Tsunami -- Major disasters -- Federalism, economics, and Katrina -- Post-catastrophe price gouging -- Global warming and discount rates -- Efficient water conservation -- Afterthoughts to part VI -- Crime and punishment and terrorism -- Capital punishment -- Doping athletes -- Drunk driving -- Internet gambling -- Preventive war -- Ethnic profiling -- Privatizing security -- Antiterrorism allocations -- Collective punishment -- Afterthoughts to part VII -- The world -- Economic and political freedom -- Size of countries -- Hamas, Palestine, and democracy -- Google in China -- Economics of national culture -- Microfinance and development -- World inequality -- Foreign aid -- Afterthoughts to part VIII.14aBecker, Gary S.q(arzón (huila, colombia)d1930-xBlogs14aPosner, Richard A.xBosa (bogotá, colombia04aDerecho y economía04aEconomía04aEconomíavMiscelánea1 aPosner, Richard A.